Detritus
Guardat en:
| Autor principal: | |
|---|---|
| Format: | Llibre |
| Idioma: | espanyol |
| Publicat: |
Barcelona
Tusquets
1978
|
| Col·lecció: | Marginales, 60
|
| Matèries: | |
| Etiquetes: |
Afegir etiqueta
Sense etiquetes, Sigues el primer a etiquetar aquest registre!
|
MARC
| LEADER | 00000nam a2200000 a 4500 | ||
|---|---|---|---|
| 001 | UCO4900 | ||
| 003 | CL-VaPUC | ||
| 008 | 000825e19780000SP |||||||||||||||||spa|d | ||
| 082 | 0 | 4 | |a 828 |b BEC |2 21 |
| 100 | 0 | |a Beckett, Samuel |e author |9 449575 | |
| 245 | 1 | 0 | |a Detritus |
| 300 | |a 132 p | ||
| 942 | |c BK | ||
| 945 | |d 20000825 00:00:00 |a crobeson | ||
| 260 | |a Barcelona |b Tusquets |c 1978 | ||
| 650 | 0 | |a Literatura irlandesa |9 349943 | |
| 650 | 7 | |a PROSAS IRLANDESAS |2 CL-VaPUC |9 449576 | |
| 650 | 7 | |a POESIAS IRLANDESAS |2 CL-VaPUC |9 267794 | |
| 583 | |a last modification |c 20000825 00:00:00 |k Rodrigo Vera | ||
| 490 | 0 | |a Marginales, 60 | |
| 999 | |c 290865 |d 290863 | ||
| 952 | |0 0 |1 0 |4 0 |6 828_000000000000000_BEC_1978 |7 0 |8 A |9 340475 |a BIBART |b BIBART |d 2019-11-20 |i 1216805 |o 828 BEC 1978 |p 1216805 |r 2025-03-13 |w 2019-11-20 |y BK |k ART | ||